Statystyki dla Ekstraklasa Quiz.

Kliknij tutaj aby rozwiązać quiz!

Ogólne statystyki

  • Ten quiz został rozwiązany 369 razy
  • Średni wynik to 10 z 15

Statystyki odpowiedzi

ZagadnienieOdpowiedź% Poprawnych
Ile obecnie zespołów spada z najwyższej klasy rozgrywkowej w Polsce?3
91%
obecnie w Ekstraklasie występuję ...... ekip?18
88%
Mistrz Polski po wywalczeniu trofeum reprezentuje kraj w?eliminacjach Ligi Mistrzów
88%
Tytuł Mistrza Polski w sezonie 2021/22 zdobył?Lech Poznań
86%
który z tych zespołów nigdy nie zagrał w Ekstraklasie?GKS Urania Ruda Śląska
83%
który z tych zespołów nigdy nie zagrał w Ekstraklasie?Olimpia Elbląg
83%
obcokrajowcem który zdobył najwięcej bramek w Ekstraklasie do tej pory (101) jest?Flávio Paixão
79%
Najwięcej tytułów Mistrza Polski w piłce nożnej ma?Legia Warszawa
75%
W sezonie2021/22 królem strzelców Ekstraklasy został?Ivi Lopez (Raków Częstochowa)
68%
przed obcięciem posady selekcjonera Reprezentacji Polski Adam Nawałka prowadził ekstraklasowy zespół. jaki?Górnik Zabrze
64%
Ile razy po mistrzostwo kraju sięgali Ruch Chorzów i Górnik Zabrze14
57%
w którym roku powstała Ekstraklasa?1926r.
54%
który piłkarz rozegrał najwięcej spotkań w Ekstraklasie?Łukasz Surma
46%
królem strzelców który zdobył w jednym sezonie Ekstraklasy najwięcej bramek (bo aż 37) jest?Henryk Reyman
37%
Najwięcej bramek w historii Ekstraklasy zdobył? (186 bramek)Ernest Pol
36%

Rozkład punktacji

Percentyl według liczby udzielonych odpowiedzi

Procent ludzi z każdym wynikiem

Twoja historia wyników

Nie rozwiązałeś tego quizu